00859 a2200193 45000010006000000050017000060080041000230030015000640400040000790800091001192450018002100200022002282500012002502640033002623000019002955050222003141000019005368560110005551464620260407155448.0260407a2009 arg spa dAR-UNSa-BCEJYS aAR-UNSa-BCEJYSbspacAR-UNSa-BCEJYS a316.7xSociología de la cultura. contexto cultural de la vida social (posmodernidad)10aPosmodernidad a978-950-786-221-2 a4a. ed. 1aBuenos Aires :bBiblosc2009 a155 p.c22 cm. a1. Qué es la posmodernidad? - 2. Posestética - 3. La posciencia - 4. La posética - 5. Posmodernidad y vida cotidiana - 6. La posfilosofía - 7. La posmodernidad y el desarraigo de Eros - 8. La postsexualidad 1 aDíaz, Esther41uhttps://biblioeco.unsa.edu.ar/pmb/images/libros/Posmodernidad2-l118946.jpgyImagen de portadaqimage/jpeg